| 000 | 00766nam a2200217Ia 4500 | ||
|---|---|---|---|
| 001 | 10321 | ||
| 003 | GE_BSU | ||
| 008 | 181216s||||||||xx |||||||||||||| ||und|| | ||
| 040 | _cGE_BSU | ||
| 080 | _a821.353.1–311.3 | ||
| 100 | _aფურცელაძე,ანტონ | ||
| 245 | _aმაცი ხვიტია:ისტორიული რომანი | ||
| 245 | _cრედ.ამირან გაბესკირია.მხატვ. გ.გორდელაძე | ||
| 260 | _aთბილისი | ||
| 260 | _bსაბჭ.მწერალი | ||
| 260 | _c1958 | ||
| 300 | _a268გვ.ილ.18სმ. | ||
| 653 | _aისტორიული რომანი | ||
| 653 | _aმაცი ხვიტია: | ||
| 942 | _cBK | ||
| 999 |
_c43587 _d43587 |
||